| 000 | 00662nam a2200205Ia 4500 | ||
|---|---|---|---|
| 003 | LK-CoDNM | ||
| 005 | 20241209150305.0 | ||
| 008 | 010623t1974 xxu||||| |||| 00| 1 sin d | ||
| 040 |
_aLK-CoDNM _dLK-CoDNM _eLK-CoDNM |
||
| 041 | _asin | ||
| 080 |
_a8 C-33 18 _bDAL |
||
| 100 | _aSannasgala, Punchibandara | ||
| 245 | _aශ්රී වික්රමරාජ්යසිංහ රජු දින ලියැවුණු දළදා විත්තිය | ||
| 246 | _aSri Wickramarajasinghe raju dina liyauna dalada viththiya | ||
| 260 | _c1974 | ||
| 300 | _bxii, 20p. ; 22 cm | ||
| 650 | _aLiterature | ||
| 650 | _a1974 | ||
| 942 | _cBK | ||
| 999 |
_c109470 _d109470 |
||